000 01312cam a2200253 4500
001 ABS67872
008 040528n2004 000 0 eng u
035 _a(Sirsi) u126315
100 _aGrayson, H.
245 _aI want to be a home inspector - what is SAVA doing to help me?
260 _c2004
490 _aSite Recorder
_v122(1453) May 2004, 11(1)
520 _aReviews the current situation regarding the new Home Inspector Qualification. Highlights how Surveyors and Valuation Accreditation Ltd (SAVA) will increase the number of training events to help candidates prepare for the final test of the examining body, leading to the national qualification. Suggests that prospective candidates do not wait for legislation to be finalised and in the meantime familiarise themselves with the National Occupational Standards and update their CPD knowledge. Recommends using the RICS model for CPD requirements. SAVA intends to be ready for enquiries on the new qualification from June 2004.
590 _aABS
590 _aABS
650 _aSAVA
650 _aHOME INSPECTORS' CERTIFICATION BOARD
650 _aCPD
650 _aHOME INFORMATION PACKS
650 _aHOME CONDITION INSPECTORS
650 _aHOME CONDITION REPORTS
690 _aPROPERTY AND LAND LAW-CONVEYANCING
942 _n0
999 _c117416
_d117416